[Event "Rheinland Pfalz op 2nd"]
[Site "Schweich"]
[Date "2010.07.18"]
[Round "7"]
[White "Mallmann, Bernd"]
[Black "Orth, Ulrich"]
[Result "1-0"]
[WhiteElo "1940"]
[BlackElo "1606"]
[PlyCount "71"]
[EventDate "2010.07.16"]
[EventType "swiss"]
[EventRounds "7"]
[EventCountry "GER"]
[SourceTitle "EXT 2012"]
[Source "ChessBase"]
[SourceDate "2011.11.24"]
[SourceVersion "1"]
[SourceVersionDate "2011.11.24"]
[SourceQuality "1"]

1. b4 e5 2. Bb2 d6 3. b5 b6 4. e3 Bb7 5. Nf3 Nf6 6. Be2 Be7 7. 0-0 0-0 8. c4 c5 9. Nc3 h6 10. d4 cxd4 11. exd4 Nbd7 12. Qc2 Rc8 13. dxe5 dxe5 14. Rad1 Qc7 15. Qc1 Bxf3 16. Bxf3 Qxc4 17. Nd5 Nxd5 18. Qxc4 Rxc4 19. Rxd5 Nf6 20. Rxe5 Bd6 21. Re2 Nh7 22. g3 Ng5 23. Bc6 Ra4 24. h4 Ne6 25. Rd1 Bc5 26. Be5 a5 27. bxa6 Rxa6 28. Rd7 f6 29. Bb2 Nd8 30. Bd5+ Kh8 31. Bc1 Ra4 32. Bf4 Rd4 33. Bc7 Nb7 34. Bxb6 Rxd5 35. Rxd5 Bxb6 36. Rb5 1-0

[Event "Rheinland Pfalz op 2nd"]
[Site "Schweich"]
[Date "2010.07.16"]
[Round "2"]
[White "Orth, Ulrich"]
[Black "Becker, Carsten"]
[Result "0-1"]
[WhiteElo "1606"]
[BlackElo "1999"]
[PlyCount "76"]
[EventDate "2010.07.16"]
[EventType "swiss"]
[EventRounds "7"]
[EventCountry "GER"]
[SourceTitle "EXT 2012"]
[Source "ChessBase"]
[SourceDate "2011.11.24"]
[SourceVersion "1"]
[SourceVersionDate "2011.11.24"]
[SourceQuality "1"]

1. d4 Nf6 2. c4 c5 3. e3 g6 4. Nf3 Bg7 5. Nc3 0-0 6. Be2 d6 7. d5 Bg4 8. 0-0 Na6 9. a3 Nc7 10. Qc2 b5 11. h3 Bd7 12. Rb1 b4 13. axb4 cxb4 14. Na2 a5 15. b3 Na6 16. e4 Nxe4 17. Nd2 Nec5 18. g4 a4 19. Bb2 Bh6 20. Nxb4 Nxb4 21. Qc3 f6 22. Qxb4 Rb8 23. Qc3 Nxb3 24. Nxb3 Rxb3 25. Qd4 Qa5 26. Bd1 Rxh3 27. Kg2 Rh4 28. Bc3 Qa8 29. f3 Bg5 30. Be1 Rh6 31. f4 e5 32. Qc3 Bxf4 33. Bg3 g5 34. Bf3 Qc8 35. Rh1 Rxh1 36. Rxh1 f5 37. Qc2 Rf7 38. Bxf4 exf4 0-1

[Event "SVR-ch HT 29th"]
[Site "Koblenz"]
[Date "2006.04.15"]
[Round "7"]
[White "Schmidt, Lutz"]
[Black "Orth, Ulrich"]
[Result "0-1"]
[WhiteElo "1429"]
[BlackElo "1762"]
[PlyCount "78"]
[EventDate "2006.04.08"]
[EventType "swiss"]
[EventRounds "7"]
[EventCountry "GER"]
[SourceTitle "EXT 2009"]
[Source "ChessBase"]
[SourceDate "2008.11.26"]
[SourceVersion "1"]
[SourceVersionDate "2008.11.26"]
[SourceQuality "1"]

1. d4 d5 2. g3 c6 3. Bg2 Nf6 4. Nf3 Bf5 5. Nc3 e6 6. 0-0 Be7 7. Bg5 Nbd7 8. a3 a5 9. Re1 0-0 10. Ne5 Nxe5 11. dxe5 Nd7 12. Bxe7 Qxe7 13. f4 Rfd8 14. e4 dxe4 15. Bxe4 Nxe5 16. Qc1 Qc5+ 17. Kg2 Ng4 18. Bxf5 Qf2+ 19. Kh3 exf5 20. Re2 Qf3 21. Qe1 g5 22. Rd1 gxf4 23. Rxd8+ Rxd8 24. Re8+ Rxe8 25. Qxe8+ Kg7 26. Kh4 fxg3 27. hxg3 h6 28. Qe1 Nf6 29. Kh3 Ne4 30. Nxe4 Qxe4 31. Qxe4 fxe4 32. Kg2 f5 33. Kf2 Kg6 34. Ke3 Kg5 35. b4 axb4 36. axb4 b5 37. c3 h5 38. Kf2 f4 39. gxf4+ Kxf4 0-1

[Event "SVR-ch HT 29th"]
[Site "Koblenz"]
[Date "2006.04.09"]
[Round "3"]
[White "Pflaum, Pascal"]
[Black "Orth, Ulrich"]
[Result "1-0"]
[WhiteElo "1286"]
[BlackElo "1762"]
[PlyCount "69"]
[EventDate "2006.04.08"]
[EventType "swiss"]
[EventRounds "7"]
[EventCountry "GER"]
[SourceTitle "EXT 2009"]
[Source "ChessBase"]
[SourceDate "2008.11.26"]
[SourceVersion "1"]
[SourceVersionDate "2008.11.26"]
[SourceQuality "1"]

1. e4 c5 2. f4 d6 3. Nf3 Nc6 4. Bb5 Bd7 5. 0-0 a6 6. Bxc6 Bxc6 7. d3 e6 8. b3 f6 9. Nc3 Qd7 10. a4 b6 11. d4 0-0-0 12. d5 Bb7 13. Ba3 g6 14. Qd2 e5 15. Ne2 h6 16. b4 g5 17. fxg5 hxg5 18. g3 Qh3 19. bxc5 dxc5 20. c4 Bh6 21. Qb2 g4 22. Nh4 Be3+ 23. Kh1 Rxh4 24. gxh4 Kc7 25. Rab1 Rd6 26. Ng3 Ne7 27. a5 Qxh4 28. axb6+ Kc8 29. Qg2 Qh7 30. Nf5 Nxf5 31. Rxf5 Qg6 32. h3 Kd8 33. Qxg4 Qf7 34. Rh5 Bc8 35. Rh8+ 1-0